British Candy - Statistics

General Stats
  • This quiz has been taken 278 times
  • The average score is 10 of 15
Answer Stats
Picture Answer % Correct
Jaffa Cake
86%
Jammie Dodger
86%
Rich Tea
84%
Twix
81%
Love Hearts
78%
Jelly Baby
77%
Malted Milk
74%
Digestive
73%
Starburst
72%
Turkish Delight
69%
Cadbury's Chocolate Fingers
63%
Fruit Pastilles
62%
Hobnob
60%
Dolly Mixture
50%
Cadbury Dairy Milk Oreo
21%
No matching quizzes found
Score Distribution
Percent of People with Each Score
Percentile by Number Answered
Your Score History
You have not taken this quiz